书目信息 |
| 题名: |
信号与线性系统分析全程辅导
|
|
| 作者: | 宋彩霞 , 赵洪岩 主编 ;九章系列课题组 编写 | |
| 分册: | ||
| 出版信息: | 北京 人民日报出版社 2004 |
|
| 页数: | 389页 | |
| 开本: | 23cm | |
| 丛书名: | 九章丛书 | |
| 单 册: | ||
| 中图分类: | TN911.6 | |
| 科图分类: | ||
| 主题词: | 系统分析--线性系统--高等学校--教材 | |
| 电子资源: | ||
| ISBN: | 7-80208-038-X | |
| 000 | 00990oam2 2200277 450 | |
| 001 | 200805000174 | |
| 005 | 20041111161709.0 | |
| 010 | @a7-80208-038-X@dCNY15.00 | |
| 100 | @a20041010d2004 em y0chiy0110 ea | |
| 101 | 0 | @achi |
| 102 | @aCN@b210000 | |
| 105 | @ay z 000yy | |
| 106 | @ar | |
| 200 | 1 | @a信号与线性系统分析全程辅导@AXin Hao Yu Xian Xing Xi Tong Fen Xi Quan Cheng Fu Dao@e第三版@EDi San Ban@f宋彩霞,赵洪岩主编@FSong Cai Xia, Zhao Hong Yan Zhu Bian@g九章系列课题组编写 |
| 210 | @a北京@c人民日报出版社@d2004 | |
| 215 | @a389页@d23cm | |
| 225 | 2 | @a九章丛书 |
| 330 | @a本书对教材中各章的重点、难点做了较深刻的分析,对各章的课后习题做了全面解析解答。 | |
| 461 | 0 | @12001 @a九章丛书 |
| 606 | @a系统分析@x线性系统@x高等学校@x教材 | |
| 690 | @aTN911.6@v4 | |
| 701 | 0 | @a宋彩霞@ASong Cai Xia@4主编 |
| 701 | 0 | @a赵洪岩@AZhao Hong Yan@4主编 |
| 712 | 02 | @a九章系列课题组@AJiu Zhang Xi Lie Ke Ti Zu@4编写 |
| 801 | 0 | @aCN@c20041112 |
| 905 | @b20653705-7@dTN911.6@eS755 | |
| 信号与线性系统分析全程辅导:第三版/宋彩霞,赵洪岩主编/九章系列课题组编写.-北京:人民日报出版社,2004 |
| 389页;23cm.-(九章丛书) |
| ISBN 7-80208-038-X:CNY15.00 |
| 本书对教材中各章的重点、难点做了较深刻的分析,对各章的课后习题做了全面解析解答。 |
| ● |
| 相关链接 |
|
|
|
正题名:信号与线性系统分析全程辅导
索取号:TN911.6/S755
 
预约/预借
| 序号 | 登录号 | 条形码 | 馆藏地/架位号 | 状态 | 备注 |
| 1 | 653705 | 206537050 | 自科库301/301自科库 34排4列2层/ [索取号:TN911.6/S755] | 在馆 | |
| 2 | 653706 | 206537069 | 期刊室512/301自科库 27排1列1层/ [索取号:TN911.6/S755] | 在馆 | |
| 3 | 653707 | 206537078 | 自科库301/301自科库 34排4列2层/ [索取号:TN911.6/S755] | 在馆 |